National Juvenile Custody Trends 1978-1989

Gespeichert in:  
Bibliographische Detailangaben
VerfasserInnen: Krisberg, Barry (Verfasst von) ; Herrera, Norma C. (Verfasst von) ; DeComo, Robert (Verfasst von)
Medienart: Elektronisch Buch
Sprache:Englisch
Veröffentlicht: [Erscheinungsort nicht ermittelbar] Office of Juvenile Justice and Delinquency Prevention 1992
In:Jahr: 1992
Online-Zugang: Volltext (lizenzpflichtig)
Volltext (lizenzpflichtig)
Verfügbarkeit prüfen: HBZ Gateway
Subito Bestelldienst: Jetzt bestellen.

MARC

LEADER 00000cam a22000002c 4500
001 1912631431
003 DE-627
005 20250127054959.0
007 cr uuu---uuuuu
008 241217s1992 xx |||||o 00| ||eng c
035 |a (DE-627)1912631431 
035 |a (DE-599)KXP1912631431 
040 |a DE-627  |b ger  |c DE-627  |e rda 
041 |a eng 
084 |a 2,1  |2 ssgn 
100 1 |a Krisberg, Barry  |e VerfasserIn  |0 (DE-588)1044264195  |0 (DE-627)771713665  |0 (DE-576)161833454  |4 aut 
109 |a Krisberg, Barry  |a Krisberg, Barry Alan  |a Krisberg, Barry A.  |a Krisberg, B. 
245 1 0 |a National Juvenile Custody Trends 1978-1989 
264 1 |a [Erscheinungsort nicht ermittelbar]  |b Office of Juvenile Justice and Delinquency Prevention  |c 1992 
336 |a Text  |b txt  |2 rdacontent 
337 |a Computermedien  |b c  |2 rdamedia 
338 |a Online-Ressource  |b cr  |2 rdacarrier 
700 1 |a Herrera, Norma C.  |e VerfasserIn  |4 aut 
700 1 |a DeComo, Robert  |e VerfasserIn  |4 aut 
787 0 8 |i Forschungsdaten  |a United States Department of Justice. Office of Justice Programs. Office of Juvenile Justice and Delinquency Prevention  |t Census of Public and Private Juvenile Detention, Correctional, and Shelter Facilities, 1988-1989: (United States)  |d [Erscheinungsort nicht ermittelbar] : [Verlag nicht ermittelbar], 1987  |w (DE-627)1840056843 
787 0 8 |i Forschungsdaten  |a United States Department of Justice. Office of Justice Programs. Office of Juvenile Justice and Delinquency Prevention  |t Census of Public and Private Juvenile Detention, Correctional, and Shelter Facilities, 1986-1987: (United States)  |d [Erscheinungsort nicht ermittelbar] : [Verlag nicht ermittelbar], 1989  |w (DE-627)1840053224 
787 0 8 |i Forschungsdaten  |a United States Department of Justice. Office of Justice Programs. Office of Juvenile Justice and Delinquency Prevention  |t Juvenile Detention and Correctional Facility Census, 1984-1985  |d [Erscheinungsort nicht ermittelbar] : [Verlag nicht ermittelbar], 1987  |w (DE-627)1840053216 
787 0 8 |i Forschungsdaten  |a United States Department of Justice. Office of Justice Programs. Office of Juvenile Justice and Delinquency Prevention  |t Juvenile Detention and Correctional Facility Census, 1982-1983  |d [Erscheinungsort nicht ermittelbar] : [Verlag nicht ermittelbar], 1985  |w (DE-627)1840056754 
787 0 8 |i Forschungsdaten  |a United States Department of Justice. Office of Justice Programs. Bureau of Justice Statistics  |t Juvenile Detention and Correctional Facility Census, 1979  |d [Erscheinungsort nicht ermittelbar] : [Verlag nicht ermittelbar], 1984  |w (DE-627)1840056711 
856 4 0 |u https://www.ncjrs.gov/app/publications/abstract.aspx?id=131649  |x Verlag  |z lizenzpflichtig  |3 Volltext  |7 1 
856 4 0 |u https://www.ncjrs.gov/pdffiles1/Digitization/131649NCJRS.pdf  |q application/pdf  |x Verlag  |z lizenzpflichtig  |3 Volltext  |7 1 
935 |a mkri 
951 |a BO 
ELC |a 1 
LOK |0 000 xxxxxcx a22 zn 4500 
LOK |0 001 4637596963 
LOK |0 003 DE-627 
LOK |0 004 1912631431 
LOK |0 005 20241217044733 
LOK |0 008 241217||||||||||||||||ger||||||| 
LOK |0 035   |a (DE-2619)ICPSR128769 
LOK |0 040   |a DE-2619  |c DE-627  |d DE-2619 
LOK |0 092   |o n 
LOK |0 852   |a DE-2619 
LOK |0 852 1  |9 00 
LOK |0 935   |a nacp 
LOK |0 939   |a 17-12-24  |b l01 
ORI |a SA-MARC-krimdoka001.raw